000
00230nam a22000857a 4500
008
161015b xxu||||| |||| 00| 0 eng d
100
_9
856
_a
Beers.V.G
245
_a
Friends are Helpers
260
_a
Michigan
_b
Educational Publications
_c
1991
999
_c
3508
_d
3508